Charakteristika vybraného odvetvia kreatívneho priemyslu – vydavateľská činnosť

Nárast dopytu po produktoch kreatívneho priemyslu, a to konkrétne nakladateľských činností, vyžaduje, aby tieto podniky sústavne inovovali technológiu tvorby produktov (kníh, časopisov, novín a iných tlačovín), prispôsobovali obsah a dizajn aktuálnym požiadavkám zákazníkov, módnym trendom. Súčasne t...

Descripción completa

Guardado en:
Detalles Bibliográficos
Autor principal: Tóth, Miroslav, 1961-
Formato: Capítulo de libro
Lenguaje:eslovaco
Materias:
Etiquetas: Agregar Etiqueta
Sin Etiquetas, Sea el primero en etiquetar este registro!

MARC

LEADER 00000naa$a2200000$$$4500
001 0260425
005 20240502074126.0
041 0 |a slo 
044 |a SK 
245 1 0 |a Charakteristika vybraného odvetvia kreatívneho priemyslu – vydavateľská činnosť  |c Miroslav Tóth 
520 |a Nárast dopytu po produktoch kreatívneho priemyslu, a to konkrétne nakladateľských činností, vyžaduje, aby tieto podniky sústavne inovovali technológiu tvorby produktov (kníh, časopisov, novín a iných tlačovín), prispôsobovali obsah a dizajn aktuálnym požiadavkám zákazníkov, módnym trendom. Súčasne to znamená zvyšovanie kvality a estetiky. Zmapovanie priestorového rozmiestnenia podnikov v rámci samosprávnych krajov Slovenskej republiky a to v oblasti vydávania kníh, novín, časopisov, iných periodík a ostatných nakladateľských činností. 
610 2 0 |a vydavateľstvá 
610 2 0 |a nakladateľstvá 
610 2 0 |a priemysel kreatívny 
610 2 0 |a kraje 
610 2 0 |a štatistika 
610 2 0 |a Slovensko 
100 1 |a Tóth, Miroslav, 1961-